000 04574cam a22005174i 4500
003 PE-LiUPU
005 20250731172843.0
008 140328s2014 miua rb 001 0 eng
020 _a0802867863
_q(pbk. ;
_qalk. paper)
020 _a9780802867865
_q(pbk. ;
_qalk. paper)
035 _a(Sirsi) i9780802867865
040 _aPE-LiUPU
_bspa
_cPE-LiUPU
_erda
049 _aPRUA
082 0 0 _a270.1
_bF83
_223
100 1 _aFreyne, Seán,
_eautor
245 1 4 _aThe Jesus movement and its expansion :
_bmeaning and mission /
_cSeán Freyne.
264 1 _aGrand Rapids, Michigan :
_bWilliam B. Eerdmans Publishing Company,
_c2014.
300 _axii, 383 páginas :
_bilustraciones ;
_c23 Centímetros
336 _atext
_2rdacontent
337 _aunmediated
_2rdamedia
338 _avolume
_2rdacarrier
504 _aBibliografía : páginas 356-363.
504 _aÍndices : páginas 364-383.
505 0 _a1."Galilee of the Gentiles"? : Hellenistic reform and Judean resistance ; Judeans in Galilee ; Encircled by Greek cities ; Conclusion ; Table one: Important Hellenistic rulers and events ; Table two: The Maccabees and the Hasmoneans -- 2. The Roman presence : Herod the Great and the imperial ideology ; Antipas and Philip: architecture, coinage, and cult ; Toward the first Jewish revolt and its immediate aftermath ; The Palestinian Jesus-followers and the fall of Jerusalem ; Rome and Judea between the revolts (70-135 C.E.) ; Table three: Roman rulers and the Jews -- 3. Palestinian economy and society : Where to begin? Models and muddles ; The Hellenistic monarchies and economic change ; Economic realities and society in the Hasmonean state ; Jerusalem rediscovers its former glory ; Economy and society in Herod's Judea ; Galilean economy under Antipas -- 4. Situating Jesus : Birth and infancy: the connection with the Baptist ; "Beginning in Galilee" ; Discerning Jesus' role ; The messianic deeds of Jesus ; "He was a wise man, a teacher of those who receive the truth gladly" ; Jesus and the future ; "Jerusalem, Jerusalem" ; Table four: Rome and the Christians -- 5. The Jesus movement in Jerusalem and its later history : "He is risen, He is not here" ; The resurrection event and history ; Jerusalem as center for the Jesus movement ; Hebrews, Hellenists, and Stephen ; New horizons and identity formation ; Jesus-followers in Samaria? ; James the Just and the afterlife of the Hebraioi ; The martyrdom of James ; James the Just in three different guises ; Conclusion -- 6. Remembering Jesus and broadening horizons in Galilee I : the sayings sources : A Galilean Christianity? ; Methodological considerations ; The Gospel of Thomas and Q ; Missionaries, householders, and village scribes ; Understanding Jesus and His mission: three issues ; What have we learned from the sayings traditions? -- 7. Remembering Jesus and broadening horizons II : the Gospels of Mark and Matthew : Syria and Palestine in the late first century: a reprise ; Mark and Galilee: Jesus, Jews, and Gentiles ; Matthew and the better righteousness in "all Syria" -- 8. Into the second century : Rome and the Christians in the second century ; Jews and Christians in the second century ; Christian heresies and the response of orthodoxy.
520 _aIn this book Seán Freyne explores the rise and expansion of early Christianity within the context of the Greco-Roman world -- the living, dynamic matrix of Jesus and his followers. In addition to offering fresh insights into Jesus' Jewish upbringing and the possible impact of Greco-Roman lifestyles on Him and His followers, Freyne delves into the mission and expansion of the Jesus movement in Palestine and beyond during the first hundred years of its development.
526 _aSEG42
526 _aSEG41
526 _aSEG40
526 _aSEG39
526 _aP94
526 _aP87
526 _aP86
526 _aP85
526 _aP77
526 _aP76
526 _aP35
648 7 _a30-600
_2fast
650 0 _aHistoria eclesiástica.
910 _ajck
_bebj
_cebj
_d20160526
942 _2ddc
_cBOOK
949 _a270.1 F83
_wDEWEY
_c1
_i73340
_lCCODEBUL1
_mBUL
_p35.00
_r0
_sY
_tBOOK
_u2026-5-26
_xTEOLOGIA
_PP85
_0COMPRA
_o.STAFF. Colección General Teología
994 _aC0
_bPEPRU
596 _a1
999 _a270.1 F83
_wDEWEY
_c9602
_i73340
_d9602
_e2017-9-20
_f2021-11-11
_g5
_lCCODEBUL1
_mBUL
_n1
_p35.00
_q4
_r0
_sY
_tBOOK
_u2026-5-26
_xTEOLOGIA
_PP85
_0COMPRA
_o.STAFF. Colección Teología
980 _81
_gALBERTO SANCHEZ Responsable de Automatización